000 00359nam a2200133Ia 4500
005 20260326235440.0
008 260326s9999||||xx |||||||||||||| ||und||
100 _aHuber, Leonard V.
245 0 _aNew Orleans , APictorial History /
_cLeonard V. Huber
260 _bAmerican Tegacy Press
300 _a370 p.
650 _aARQUITECTURA REGIONAL
942 _cBK
999 _c7370
_d7370